| 000 | 00451nam a2200193Ia 4500 | ||
|---|---|---|---|
| 005 | 20240823015138.0 | ||
| 008 | 240823s9999||||xx |||||||||||||| ||und|| | ||
| 020 | _a81-7700-035-7 | ||
| 041 | _aENGLISH | ||
| 082 | _A621.3813 P4 | ||
| 100 | _aMonojit Mitra | ||
| 245 | 0 | _aMicrowave Engineering | |
| 250 | _a2nd | ||
| 260 |
_c2004 _bDhanpat Rai & _aDelhi |
||
| 500 | _aYES | ||
| 650 |
_aMicrowave _bElectronics |
||
| 942 | _cBK | ||
| 999 |
_c171744 _d171744 |
||